[Event "Quixada Sertao 7th op"]
[Site "Quixada"]
[Date "2009.07.17"]
[Round "2.10"]
[White "De Sousa Filho, Aloisio Lopes"]
[Black "Soares, Rebecca Barros"]
[Result "1-0"]
[WhiteElo "1943"]
[BlackElo "1790"]
[PlyCount "105"]
[EventDate "2009.07.16"]
[EventType "swiss"]
[EventRounds "7"]
[EventCountry "BRA"]
[SourceTitle "EXT 2022"]
[Source "ChessBase"]
[SourceDate "2021.10.06"]
[SourceVersion "1"]
[SourceVersionDate "2021.10.06"]
[SourceQuality "1"]

1. d4 d5 2. Nf3 c6 3. Bf4 Nf6 4. h3 e6 5. e3 Nbd7 6. Bd3 a6 7. Nbd2 c5 8. c3 cxd4 9. exd4 Be7 10. Qe2 b5 11. 0-0 0-0 12. Rac1 Nb6 13. Bb1 Nh5 14. Qd3 f5 15. Be5 Bg5 16. Nxg5 Qxg5 17. Nf3 Qg6 18. Rfe1 Nc4 19. Rc2 Nxe5 20. Nxe5 Qg5 21. Qf3 Rf6 22. Nd3 Ra7 23. Re5 Re7 24. Rce2 Kf7 25. Qe3 Qh4 26. Kh2 Rg6 27. g3 Qf6 28. Nf4 Nxf4 29. Qxf4 Rg5 30. h4 Rh5 31. Qf3 Qg6 32. Kg2 Kf8 33. Qf4 Qf6 34. Re1 g5 35. hxg5 Rxg5 36. Rh1 h5 37. Qh4 Rh7 38. f4 Rg6 39. Qxf6+ Rxf6 40. g4 Rg6 41. g5 a5 42. Bd3 Bd7 43. Be2 h4 44. Re3 Rg8 45. Kh3 Ke7 46. Bd3 Kd6 47. Rc1 Kc6 48. b3 Kd6 49. c4 Be8 50. cxb5 Bh5 51. Rc6+ Kd7 52. Rexe6 Bg4+ 53. Kh2 1-0